000 00403pab a2200169 454500
008 180718b2007 xxu||||| |||| 00| 0 eng d
100 _aMandke, Parimal
245 _aPromoting culture of research in universities
260 _c2007
300 _ap.4-6.
362 _a27 May
650 _aUniversities
650 _aCultural research
773 _aUniversity News
908 _aN
909 _a74260
999 _c74260
_d74260